| 000 | 02150nam a2200433 c 4500 | ||
|---|---|---|---|
| 003 | BLK | ||
| 005 | 20240917170313.0 | ||
| 008 | 180413b bul|||||r ||||||| ||bul|| | ||
| 010 | _aKNG00025264000 | ||
| 020 |
_a978-954-655-163-4 _bиздат.: Бард |
||
| 040 | _aBLK | ||
| 041 |
_aBUL _cBUL |
||
| 072 | 7 |
_2bullib _aН50 _xЕстествени науки. Математика и др. Н |
|
| 080 |
_aЗвезди и звездни системи. Вселена - Космически лъчи, междузвездно пространство, Галактика, Млечен път, космология, извънгалактически системи _b524 _x _z524 |
||
| 100 | 1 |
_aХокинг, Стивън Уилям _eпърви автор _9364189 |
|
| 700 | 1 |
_aЗлатарски, Иван Василев _d1948- _gПреводач от английски език (художествена литература), инженер _9242826 |
|
| 139 |
_aХокинг, Стивън Уилям _bХ 59 |
||
| 245 | 1 | 0 |
_aКратка история на времето _bОт големия взрив до черните дупки _cСтивън Уилям Хокинг; прев. Иван Златарски. |
| 257 | _aGBR | ||
| 260 |
_аСофия _bБард _c2010 |
||
| 300 |
_a288 с. _c21 см |
||
| 380 | _a5 | ||
| 500 | _aОриг. загл. A Brief History of Time / Stephen W. Hawking. - 1. изд. 1993 на изд. Наука и изкуство. - Офс. изд. - Терминол. речник ; Азб. показалец. | ||
| 650 | 4 |
_aВселена _9151275 |
|
| 650 | 4 |
_aКосмология _9159537 |
|
| 650 | 4 |
_aВреме (физика) _9266712 |
|
| 650 | 4 |
_aЖивот - произход и еволюция _9255182 |
|
| 653 | _aВселена | ||
| 653 | _aкосмология | ||
| 653 | _aвреме | ||
| 653 | _aпроизход на живота | ||
| 659 | _aН | ||
| 852 | _aЦб 251483 | ||
| 856 | 4 |
_qpdf _u |
|
| 856 | 4 |
_qpdf _u |
|
| 942 |
_cKNG _n0 _034 |
||
| 944 |
_aCR _c12.04.2011 _lМинев Младен _k30530 |
||
| 944 |
_aED _c20.01.2012 _lф / _k |
||
| 999 |
_c22817 _d22817 |
||